00381 2200157 4500245004100000020002400041250001100065100001400076650002000090005001900110260003700129041001400166084000800180300002600188336000900214 aKisah Sang PenandaicTere LiyehText a978-602-9-98883-2-4 aCet. 6 aTere Liye aFiksi Indonesia a20240925144528 aJakartabMahaka Publishingc2011 aIndonesia a813 a295 halaman 13.5 cm : atext